LEADER 01080nam a2200241 i 4500 001 000000144976 003 CaOOAMICUS 005 20051115000000.0 008 051115s1931 it u000 u ita u 013 $a120368 040 $aSeMil$bita 245 10$aBrianza /$cItinerari sentimentali di Alex Visconti ; impressioni pittoriche di Giannino Grossi. 260 $a[S.l. :$bs.n.],$c1931$e(Milano :$fArti Grafiche Bertarelli,$g1931) 300 $a88 p., [50] p. di tav. ;$c27 cm. 500 $aAi pič del front : Strenna a beneficio del Pio Istituto dei rachitici di Milano - 1931 - 1932 (X). 650 4$aBrianza.$0(OLS)http://semarc/subject/5843 700 1 $aGrossi, Giannino.$0(OLS)http://semarc/name/57861 700 1 $aVisconti, Alessandro,$d<1884-1955>.$0(OLS)http://semarc/name/57742 850 $aSeMil 852 $aSeMil$W1$xVenegono$y1$m598 696 *$j97800$B97800$CSeMilBibl$Z2$F106184 $81 961 $aRecupero: Biblioteca Seminario Saronno 996 $6245$aBrianza$9(OLS)http://semarc/title/212020 996 $6260$a[S.l. :$bs.n.]$9(OLS)http://semarc/publisher/29751 LEADER 00884nam a2200193 i 4500 001 000000057441 003 CaOOAMICUS 005 19971007000000.0 008 971007n xx u000 u spa u 013 $a28613 040 $aSeMil$bita 100 1 $aLa Cruz, Tomas : de .$0(OLS)http://semarc/name/23230 245 13$aEl amor y su fundamento ontologico segun Santo Tomas :$bestudio previo a la teologia de la caridad. 600 04$aTommaso : d'Aquino .$0(OLS)http://semarc/subject/115 650 4$aAmore - Teologia.$0(OLS)http://semarc/subject/7617 650 4$aTesi di laurea.$0(OLS)http://semarc/subject/1690 850 $aSeMil 852 $aSeMil$W1$xVenegono$y1$m2I V 299$j23595$B23595$CSeMilBibl$Z2$F23597 $81 996 $6245$aEl amor y su fundamento ontologico segun Santo Tomas :$bestudio previo a la teologia de la caridad$9(OLS)http://semarc/title/89402